| 000 | 00849cab a22002175a 4500 | ||
|---|---|---|---|
| 001 | L148977 | ||
| 008 | 091209e20091107xxka f g 000 0 eng d | ||
| 035 | _a(Sirsi) u148977 | ||
| 041 | 0 | _aeng | |
| 100 | 1 | _aWilliams, Peter | |
| 245 | 0 | 2 | _aA lack of direction |
| 260 | _c2009 | ||
| 490 |
_aEstates Gazette _v(0944) 7 November 2009, 200-201(2) |
||
| 520 | _aPresents Government's changes to the carbon reduction commitment scheme. Suggests that no guidance is provided concerning the division of the costs between landlord and tenant. Discusses issues to consider if standard lease provisions are developed. | ||
| 590 | _aKA | ||
| 650 | 2 | 4 | _aCARBON REDUCTION COMMITMENT |
| 651 | 4 |
_aEngland and Wales _y1543- |
|
| 690 | _aENVIRONMENTAL AND LAND CONSULTANCY-ENERGY-ENERGY USE-ENERGY EFFICIENCY | ||
| 700 | 1 | _aEddington, Charlotte | |
| 942 | _n0 | ||
| 999 |
_c82020 _d82020 |
||